[Event "BL 1314 SG Turm Trier - SV Hockenheim"]
[Site "?"]
[Date "2014.02.22"]
[Round "9.8"]
[White "Yankelevich, Lev"]
[Black "Boguslavskyy, Oleg"]
[Result "1-0"]
[WhiteElo "2275"]
[BlackElo "2441"]
[PlyCount "163"]
[EventDate "2014.??.??"]

1. e4 e5 2. Nf3 Nc6 3. Bb5 a6 4. Ba4 Nf6 5. O-O Be7 6. d3 d6 7. c3 O-O 8. Nbd2
Re8 9. Re1 Bf8 10. Nf1 h6 11. Ng3 b5 12. Bc2 d5 13. Bd2 dxe4 14. dxe4 Na5 15.
b3 c5 16. Qe2 Qc7 17. h3 Nc6 18. Rac1 Be6 19. Be3 Rad8 20. Red1 Rxd1+ 21. Qxd1
Rd8 22. Qe2 Qa5 23. Bb1 Qc7 24. Bc2 Qb8 25. Nh4 g6 26. Nf3 Kh7 27. Nh2 Qc7 28.
Ng4 Nxg4 29. hxg4 c4 30. b4 Nd4 31. cxd4 exd4 32. Bd2 d3 33. Bxd3 Qd7 34. Bc3
Qxd3 35. f3 a5 36. a3 axb4 37. axb4 Qd6 38. Qf2 Ra8 39. Ne2 Ra2 40. Qe3 Be7 41.
Qd4 Qxd4+ 42. Nxd4 Bd7 43. Kf1 Kg8 44. Rc2 Ra4 45. Rb2 Ra3 46. Ne2 f5 47. gxf5
gxf5 48. e5 f4 49. Ke1 Ra1+ 50. Kd2 Bf5 51. Nc1 Ra8 52. Ra2 Rd8+ 53. Ke2 Kf7
54. Ra6 h5 55. Ra7 h4 56. Be1 Rh8 57. Bd2 Rg8 58. Kf1 h3 59. gxh3 Bxh3+ 60. Ke2
Ke6 61. Rb7 Rg2+ 62. Kd1 Rg1+ 63. Kc2 Bf5+ 64. Kc3 Rf1 65. Rxb5 Rxf3+ 66. Kxc4
Rf2 67. Bc3 Kf7 68. Nd3 Re2 69. Ra5 f3 70. Ra1 Re4+ 71. Bd4 Be6+ 72. Kc3 Bd5
73. b5 Bh4 74. b6 Ke8 75. Rb1 Re2 76. Nf4 Re1 77. Rb2 Bb7 78. Nd3 Ra1 79. Rh2
Be7 80. e6 Ba6 81. Rh8+ Bf8 82. Bc5 1-0

[Event "BL 1314 Schachfr. Berlin - SC Eppingen"]
[Site "?"]
[Date "2014.02.22"]
[Round "9.1"]
[White "Bologan, Viktor"]
[Black "Melkumyan, Hrant"]
[Result "1/2-1/2"]
[WhiteElo "2661"]
[BlackElo "2589"]
[PlyCount "169"]
[EventDate "2014.??.??"]

1. e4 e5 2. Nf3 Nc6 3. Bb5 Nf6 4. d3 Bc5 5. Nbd2 O-O 6. Bxc6 dxc6 7. O-O Nd7 8.
Nc4 Re8 9. Bd2 Bd6 10. b4 Nf8 11. a4 Ng6 12. h3 b6 13. Re1 Be6 14. Ne3 c5 15.
b5 a6 16. c4 Nf4 17. Bc3 Qf6 18. h4 axb5 19. cxb5 Rad8 20. Qc2 Bc8 21. Rad1 Qg6
22. g3 Qh5 23. Nh2 Ne6 24. Qe2 Qxe2 25. Rxe2 Nd4 26. Bxd4 exd4 27. Nc4 Be6 28.
Nf3 Ra8 29. Ra1 f5 30. Nfd2 fxe4 31. Rxe4 Bd5 32. Rxe8+ Rxe8 33. Kf1 Bf8 34. a5
bxa5 35. Rxa5 Rb8 36. Ne4 h6 37. f3 c6 38. bxc6 Bxc6 39. Ke2 Bb5 40. Ne5 Be8
41. Nxc5 Bd6 42. Ne4 Rb2+ 43. Kd1 Bxe5 44. Rxe5 Ba4+ 45. Ke1 Rb1+ 46. Kf2 Rb2+
47. Kg1 Bb5 48. Nc5 Bc6 49. Rf5 Rb5 50. Kf2 Rb2+ 51. Ke1 Rb1+ 52. Ke2 Rb2+ 53.
Kd1 Rb5 54. f4 Rb1+ 55. Kc2 Rg1 56. Ne6 Ba4+ 57. Kb2 Rxg3 58. Rf8+ Kh7 59. Ra8
Bc6 60. Rc8 Bd5 61. Nf8+ Kg8 62. Ng6+ Kh7 63. Nf8+ Kg8 64. Ng6+ Kh7 65. f5 Bg8
66. Kc2 Rf3 67. Rf8 h5 68. Kd2 Rf2+ 69. Ke1 Rf3 70. Ke2 Re3+ 71. Kd2 Rf3 72.
Ne7 Ba2 73. Ng6 Bg8 74. Ke2 Re3+ 75. Kf2 Rxd3 76. Rd8 Rc3 77. Nf8+ Kh8 78. Ne6
Kh7 79. Ng5+ Kh8 80. Rxd4 Rc5 81. Rf4 Bh7 82. f6 gxf6 83. Rxf6 Rf5+ 84. Rxf5
Bxf5 85. Kg3 {[%emt 0:13:50]} 1/2-1/2

[Event "BL 1314 Schachfr. Berlin - SC Eppingen"]
[Site "?"]
[Date "2014.02.22"]
[Round "9.2"]
[White "Mista, Aleksander"]
[Black "Balogh, Csaba"]
[Result "0-1"]
[WhiteElo "2583"]
[BlackElo "2654"]
[PlyCount "60"]
[EventDate "2014.??.??"]

1. e4 e5 2. Nf3 Nc6 3. Bb5 Nf6 4. d3 Bc5 5. c3 O-O 6. O-O Re8 7. Re1 a6 8. Ba4
b5 9. Bb3 Bb6 10. a4 Bb7 11. Bg5 h6 12. Bh4 d6 13. Bd5 g5 14. Nxg5 Nxd5 15.
exd5 hxg5 16. Qg4 Bc8 17. Qg3 f6 18. dxc6 Kf7 19. Bxg5 Rg8 20. h4 fxg5 21. h5
Qf6 22. d4 Qf4 23. Qd3 Bf5 24. Qd1 exd4 25. Qb3+ Kf6 26. g3 Qf3 27. Nd2 Qxh5
28. Ne4+ Kg6 29. Nxd6 cxd6 30. Qd5 Raf8 {[%emt 0:34:56]} 0-1

[Event "BL 1314 Schachfr. Berlin - SC Eppingen"]
[Site "?"]
[Date "2014.02.22"]
[Round "9.3"]
[White "Acs, Peter"]
[Black "Schneider, Ilja"]
[Result "1-0"]
[WhiteElo "2569"]
[BlackElo "2494"]
[PlyCount "74"]
[EventDate "2014.??.??"]

1. e4 e5 2. Nf3 d6 3. d4 exd4 4. Nxd4 Nf6 5. Nc3 Be7 6. g3 d5 7. e5 Ng4 8. e6
Nf6 9. exf7+ Kxf7 10. Bg2 c6 11. O-O Na6 12. Nce2 Re8 13. c4 Nc7 14. Qc2 Bf8
15. Bf4 Ne6 16. cxd5 Nxd5 17. Rad1 Nexf4 18. Nxf4 Nxf4 19. gxf4 Kg8 20. Qb3+
Kh8 21. Nxc6 Qb6 22. Qxb6 axb6 23. Ne5 Be6 24. a3 Ra4 25. f5 Bxf5 26. Rfe1 Be6
27. Bxb7 Rf4 28. Bc6 Rc8 29. Bd7 Bxd7 30. Rxd7 Kg8 31. Nd3 Rf6 32. Re3 Rc2 33.
Kg2 Rd2 34. Rf3 Be7 35. Rxf6 Bxf6 36. Kf3 Bxb2 37. Rd8+ Kf7 {[%emt 0:02:51]}
1-0

[Event "BL 1314 Schachfr. Berlin - SC Eppingen"]
[Site "?"]
[Date "2014.02.22"]
[Round "9.4"]
[White "Dann, Matthias"]
[Black "Braun, Arik"]
[Result "1/2-1/2"]
[WhiteElo "2453"]
[BlackElo "2565"]
[PlyCount "66"]
[EventDate "2014.??.??"]

1. Nf3 Nf6 2. g3 e6 3. Bg2 d5 4. O-O b5 5. b3 Be7 6. c4 c6 7. Bb2 O-O 8. d3 Qb6
9. Nbd2 Nbd7 10. Rc1 Bb7 11. Rc2 a5 12. e4 Rfd8 13. Qe2 a4 14. cxd5 cxd5 15.
Bd4 Qa6 16. h3 Rac8 17. Rfc1 Qa8 18. Ne5 Nxe5 19. Bxe5 Rxc2 20. Rxc2 Nd7 21.
Bd4 e5 22. exd5 Bxd5 23. Bxd5 Qxd5 24. Ba1 Nc5 25. d4 axb3 26. axb3 Nxb3 27.
Nxb3 Qxb3 28. Bb2 e4 29. Qxe4 Bf6 30. Qe2 g6 31. d5 Bxb2 32. Rxb2 Qxd5 33. Rxb5
Qd1+ {[%emt 0:27:15]} 1/2-1/2

[Event "BL 1314 Schachfr. Berlin - SC Eppingen"]
[Site "?"]
[Date "2014.02.22"]
[Round "9.5"]
[White "Medvegy, Zoltan"]
[Black "Lauber, Arnd"]
[Result "0-1"]
[WhiteElo "2511"]
[BlackElo "2442"]
[PlyCount "68"]
[EventDate "2014.??.??"]

1. c4 e6 2. g3 d5 3. Nf3 Nf6 4. Bg2 d4 5. O-O c5 6. e3 Nc6 7. exd4 cxd4 8. d3
h6 9. Bf4 Bd6 10. Qc1 O-O 11. Re1 Re8 12. Bxd6 Qxd6 13. c5 Qc7 14. Na3 Qa5 15.
Ne5 Nxe5 16. Rxe5 Nd7 17. Rh5 e5 18. c6 bxc6 19. Qxc6 Rb8 20. Nc4 Qd8 21. Nd6
Re6 22. Bd5 Nf6 23. Bxe6 Bxe6 24. Rxe5 Rb6 25. Nxf7 Bxf7 26. Qc5 Rxb2 27. Qxa7
Ng4 28. Rf5 Bg6 29. Rf4 Ne5 30. Qc5 Nxd3 31. Qxd4 Qb8 32. Rg4 Nxf2 33. Rxg6
Nh3+ 34. Kf1 Qb5+ {[%emt 0:10:16]} 0-1

[Event "BL 1314 Schachfr. Berlin - SC Eppingen"]
[Site "?"]
[Date "2014.02.22"]
[Round "9.6"]
[White "Abel, Dennes"]
[Black "Guliyev, Namig"]
[Result "0-1"]
[WhiteElo "2429"]
[BlackElo "2564"]
[PlyCount "84"]
[EventDate "2014.??.??"]

1. Nf3 d5 2. c4 c6 3. e3 Nf6 4. d4 Bg4 5. h3 Bxf3 6. Qxf3 e6 7. Nc3 Nbd7 8. Bd3
Bd6 9. Bd2 O-O 10. O-O dxc4 11. Bxc4 Re8 12. Rfd1 Qe7 13. Ne4 Nxe4 14. Qxe4 Nf6
15. Qf3 e5 16. dxe5 Qxe5 17. Bc3 Qh2+ 18. Kf1 Be5 19. Bxe5 Qxe5 20. Rd4 b5 21.
Be2 c5 22. Rdd1 a6 23. a4 Rab8 24. axb5 axb5 25. Rac1 c4 26. Rd4 Ne4 27. Kg1
Rb6 28. Rcd1 g6 29. Qg4 h5 30. Qh4 Kg7 31. Bf3 Ng5 32. Bd5 Rd6 33. Kh1 Qf6 34.
Qf4 Qxf4 35. exf4 Ne6 36. Bxe6 Rxd4 37. Rxd4 Rxe6 38. Rd5 b4 39. Rc5 Re1+ 40.
Kh2 Rc1 41. Kg3 c3 42. b3 Rb1 {[%emt 1:25:02]} 0-1

[Event "BL 1314 Schachfr. Berlin - SC Eppingen"]
[Site "?"]
[Date "2014.02.22"]
[Round "9.7"]
[White "Ruck, Robert"]
[Black "Thiede, Lars"]
[Result "1/2-1/2"]
[WhiteElo "2577"]
[BlackElo "2443"]
[PlyCount "87"]
[EventDate "2014.??.??"]

1. Nf3 Nf6 2. c4 g6 3. d4 Bg7 4. g3 c5 5. Bg2 cxd4 6. Nxd4 Nc6 7. O-O O-O 8.
Nc3 Nxd4 9. Qxd4 d6 10. Qd3 a6 11. Be3 Bf5 12. Qd2 Qd7 13. Rfd1 Rac8 14. b3 b5
15. cxb5 axb5 16. Rac1 b4 17. Na4 Qb5 18. Nb6 Rb8 19. Rc4 Rxb6 20. Bxb6 Qxb6
21. Qxb4 Qa7 22. Qa4 Qb8 23. Rb4 Qc7 24. Rc4 Qb8 25. Rdc1 d5 26. Rc7 e5 27. Qc6
e4 28. e3 Be6 29. Rb7 Qe5 30. a4 Qh5 31. Qd6 Ng4 32. h3 Ne5 33. g4 Qg5 34. Rb8
h5 35. h4 Qf6 36. g5 Qf5 37. a5 Rxb8 38. Qxb8+ Kh7 39. a6 Qg4 40. a7 Nf3+ 41.
Kf1 Nd2+ 42. Kg1 Nf3+ 43. Kf1 Nd2+ 44. Kg1 {[%emt 0:42:13]} 1/2-1/2

[Event "BL 1314 Schachfr. Berlin - SC Eppingen"]
[Site "?"]
[Date "2014.02.22"]
[Round "9.8"]
[White "Agopov, Mikael"]
[Black "Noe, Christopher"]
[Result "1/2-1/2"]
[WhiteElo "2421"]
[BlackElo "2276"]
[PlyCount "99"]
[EventDate "2014.??.??"]

1. e4 c5 2. Nf3 e6 3. d4 cxd4 4. Nxd4 a6 5. Bd3 Nf6 6. Qe2 d6 7. O-O Be7 8. c4
Qc7 9. Nc3 O-O 10. Rd1 Nbd7 11. Nf3 b6 12. h3 Bb7 13. Bf4 Ne5 14. b3 Rac8 15.
Rac1 Qb8 16. Bb1 Rfd8 17. Be3 Ned7 18. Nd4 Qa8 19. Bg5 Re8 20. f4 Qb8 21. Kh1
h6 22. Bxf6 Bxf6 23. Nf3 Red8 24. Qe3 Qc7 25. Re1 Bxc3 26. Rxc3 e5 27. Nh4 Nf8
28. f5 Nh7 29. Rec1 Qc5 30. Qe1 Nf6 31. Bd3 Qc6 32. b4 a5 33. b5 Qc5 34. Nf3
Rc7 35. Nd2 Rdc8 36. a3 a4 37. Nf3 d5 38. cxd5 Qxc3 39. Rxc3 Rxc3 40. Qd2 Rxa3
41. Nxe5 Ra1+ 42. Kh2 a3 43. Bc4 Nxe4 44. Qd4 Rc1 45. Qxe4 R8xc4 46. Nxc4 a2
47. Qe8+ Kh7 48. Qxf7 a1=Q 49. Qg6+ Kg8 50. Qe8+ 1/2-1/2

[Event "BL 1314 SK König Tegel - Bayern München"]
[Site "?"]
[Date "2014.02.22"]
[Round "9.1"]
[White "Schenk, Andreas"]
[Black "Rabiega, Robert"]
[Result "1/2-1/2"]
[WhiteElo "2493"]
[BlackElo "2494"]
[PlyCount "104"]
[EventDate "2014.??.??"]

1. d4 d5 2. Nf3 Nf6 3. c4 dxc4 4. e3 Bg4 5. Bxc4 e6 6. h3 Bh5 7. O-O Nc6 8. b3
Bd6 9. Bb2 O-O 10. Bb5 Ne4 11. Be2 Qe7 12. Nbd2 Nxd2 13. Nxd2 Bxe2 14. Qxe2 Ba3
15. Bxa3 Qxa3 16. Qb5 Qb4 17. Qxb4 Nxb4 18. Rfc1 c6 19. Ne4 a5 20. Nc5 Ra7 21.
Kf1 Rd8 22. Ke2 h5 23. g4 hxg4 24. hxg4 g6 25. g5 Kg7 26. Rh1 e5 27. a3 Na6 28.
Rh4 exd4 29. Ne4 dxe3 30. Rah1 exf2 31. Kxf2 Raa8 32. Rh7+ Kf8 33. Nd6 Rxd6 34.
Rh8+ Ke7 35. Rxa8 Rd5 36. Ra7 Rb5 37. Rh3 Nc5 38. Re3+ Kd6 39. a4 Rb4 40. Rxa5
Ne4+ 41. Kf3 b6 42. Ra7 Nxg5+ 43. Ke2 f6 44. Rd3+ Ke5 45. a5 bxa5 46. Rxa5+ Ke6
47. Re3+ Kd6 48. Rd3+ Kc7 49. Ra7+ Kb6 50. Ra4 Rb5 51. Rg3 Ne6 52. Rxg6 Rxb3 {
[%emt 0:08:59]} 1/2-1/2

[Event "BL 1314 SK König Tegel - Bayern München"]
[Site "?"]
[Date "2014.02.22"]
[Round "9.2"]
[White "Stern, Rene"]
[Black "Belezky, Alexander"]
[Result "1-0"]
[WhiteElo "2521"]
[BlackElo "2451"]
[PlyCount "97"]
[EventDate "2014.??.??"]

1. d4 Nf6 2. c4 e6 3. Nc3 Bb4 4. Bd2 O-O 5. Nf3 b6 6. e3 Bb7 7. Bd3 c5 8. a3
Bxc3 9. Bxc3 d6 10. O-O Nbd7 11. Re1 Ne4 12. Bxe4 Bxe4 13. Nd2 Bg6 14. Qf3 Rc8
15. Qg3 e5 16. dxe5 dxe5 17. Nf3 f6 18. Rad1 Qe7 19. Nh4 Qf7 20. Nxg6 hxg6 21.
Rd6 Rfe8 22. Red1 Nf8 23. Qg4 Rc7 24. h4 Ree7 25. g3 Red7 26. R6d5 Rxd5 27.
cxd5 f5 28. Qa4 e4 29. Be5 Qd7 30. Qc4 Rc8 31. Kg2 Re8 32. Bc3 Qf7 33. a4 Nh7
34. a5 g5 35. hxg5 Nxg5 36. Rh1 Rd8 37. axb6 axb6 38. Qa6 Qxd5 39. Qxb6 Ne6 40.
Qa6 Rd6 41. Qe2 Nf8 42. Qh5 Rh6 43. Rd1 Qe6 44. Qg5 Qf7 45. Rd8 Kh7 46. Rd5 g6
47. Rxc5 Rh5 48. Qd8 Kg8 49. Rc7 {[%emt 0:18:56]} 1-0

[Event "BL 1314 SK König Tegel - Bayern München"]
[Site "?"]
[Date "2014.02.22"]
[Round "9.3"]
[White "Renner, Christoph"]
[Black "Richter, Michael"]
[Result "0-1"]
[WhiteElo "2388"]
[BlackElo "2470"]
[PlyCount "66"]
[EventDate "2014.??.??"]

1. e4 e6 2. d3 d5 3. Qe2 Nc6 4. Nf3 dxe4 5. dxe4 e5 6. c3 Bd6 7. Qc2 Nge7 8.
Bc4 O-O 9. O-O Ng6 10. Bg5 Qe8 11. Nbd2 Kh8 12. Rfe1 f6 13. Be3 Nf4 14. Bf1 g5
15. Nc4 Be7 16. Bc1 Qh5 17. b4 g4 18. Nfd2 Rg8 19. Re3 Be6 20. Nb2 Rg6 21. Bc4
Bxc4 22. Nbxc4 a5 23. Nf1 axb4 24. Ng3 Qg5 25. Rb1 Bc5 26. Re1 Qh4 27. Be3 b6
28. Bxc5 bxc5 29. Ne3 Rh6 30. Nef1 bxc3 31. Qxc3 Nd4 32. Qe3 Nf3+ 33. gxf3 Qh3
{[%emt 0:07:20]} 0-1

[Event "BL 1314 SK König Tegel - Bayern München"]
[Site "?"]
[Date "2014.02.22"]
[Round "9.4"]
[White "Muse, Mladen"]
[Black "Meister, Peter"]
[Result "0-1"]
[WhiteElo "2415"]
[BlackElo "2415"]
[PlyCount "94"]
[EventDate "2014.??.??"]

1. Nf3 d5 2. g3 c6 3. Bg2 Bf5 4. O-O Nf6 5. c3 h6 6. Qb3 Qb6 7. d3 Nbd7 8. Be3
Qc7 9. c4 dxc4 10. Qxc4 e5 11. a3 Be7 12. b4 a6 13. Qc2 O-O 14. Nc3 a5 15. Rab1
axb4 16. axb4 Rfc8 17. Rfc1 Qb8 18. Qb2 b5 19. h3 Be6 20. g4 Nd5 21. Nxd5 Bxd5
22. Nd2 Bxg2 23. Kxg2 Ra4 24. Qc3 Nf6 25. Nf3 Bd6 26. Qe1 Nd5 27. Bd2 Qb7 28.
e4 Nf4+ 29. Bxf4 exf4 30. e5 Bf8 31. Qe4 Qd7 32. g5 c5 33. gxh6 Rc6 34. hxg7
Bxg7 35. Rb2 Rh6 36. h4 cxb4 37. d4 Qg4+ 38. Kf1 b3 39. Ke2 Qe6 40. Rc3 Ra2 41.
Rxa2 bxa2 42. Qa8+ Bf8 43. Rc2 b4 44. Rxa2 Qc4+ 45. Kd1 b3 46. Nd2 Qd3 47. Rb2
Ra6 {[%emt 0:34:49]} 0-1

[Event "BL 1314 SK König Tegel - Bayern München"]
[Site "?"]
[Date "2014.02.22"]
[Round "9.5"]
[White "Reiss, Tibor"]
[Black "Von Herman, Ulf"]
[Result "0-1"]
[WhiteElo "2375"]
[BlackElo "2384"]
[PlyCount "48"]
[EventDate "2014.??.??"]

1. d4 Nf6 2. Bg5 Ne4 3. Bf4 d5 4. e3 c5 5. Bd3 Qb6 6. Bxe4 dxe4 7. Nc3 cxd4 8.
Qxd4 Nc6 9. Qxb6 axb6 10. Bc7 e5 11. Nge2 Be6 12. Nxe4 Nb4 13. Kf1 Rc8 14. Bxe5
Nxc2 15. Rc1 Bxa2 16. Bxg7 Bxg7 17. Nd6+ Ke7 18. Nxc8+ Rxc8 19. Nc3 Bc4+ 20.
Kg1 Nb4 21. Na4 b5 22. Nb6 Rc6 23. Nxc4 bxc4 24. Rb1 Nd3 {[%emt 0:10:51]} 0-1

[Event "BL 1314 SK König Tegel - Bayern München"]
[Site "?"]
[Date "2014.02.22"]
[Round "9.6"]
[White "Sarbok, Torsten"]
[Black "Zajogin, Alexander"]
[Result "1/2-1/2"]
[WhiteElo "2367"]
[BlackElo "2388"]
[PlyCount "92"]
[EventDate "2014.??.??"]

1. e4 e5 2. Nf3 Nc6 3. Bb5 a6 4. Ba4 Nf6 5. Qe2 Bd6 6. c3 O-O 7. O-O Re8 8. d3
h6 9. Rd1 Bf8 10. Nbd2 b5 11. Bc2 d5 12. h3 Be6 13. Nb3 d4 14. a4 Bxb3 15. Bxb3
Na5 16. Ba2 c5 17. Bd2 bxa4 18. cxd4 cxd4 19. Bxa5 Qxa5 20. Qc2 a3 21. bxa3
Rec8 22. Bc4 g6 23. Qd2 Qxd2 24. Nxd2 h5 25. Rdb1 Bh6 26. Nf3 Nxe4 27. Nxe5 Nd6
28. Bd5 Rab8 29. Nc6 Rxb1+ 30. Rxb1 Kg7 31. a4 a5 32. g3 h4 33. gxh4 Rc7 34.
Rb6 Nf5 35. h5 gxh5 36. Be4 Nh4 37. Rb5 f5 38. Bh1 Bd2 39. Kf1 Kf6 40. Rb6 Kg5
41. Rb5 Bc3 42. Rc5 Rb7 43. Rb5 Rc7 44. Rc5 Kf6 45. Rb5 Kg5 46. Rb6 Ng6 {
[%emt 0:32:51]} 1/2-1/2

[Event "BL 1314 SK König Tegel - Bayern München"]
[Site "?"]
[Date "2014.02.22"]
[Round "9.7"]
[White "Fedorovsky, Michael"]
[Black "Muse, Drazen"]
[Result "1-0"]
[WhiteElo "2409"]
[BlackElo "2414"]
[PlyCount "75"]
[EventDate "2014.??.??"]

1. d4 Nf6 2. c4 c5 3. d5 e5 4. Nc3 d6 5. e4 Be7 6. g3 h5 7. h4 a6 8. a4 Nbd7 9.
Bh3 Nf8 10. a5 Rb8 11. Bxc8 Qxc8 12. f3 Ng6 13. Nh3 Nd7 14. Kf2 O-O 15. Kg2 Bd8
16. Bg5 b5 17. f4 exf4 18. Nxf4 bxc4 19. Ra2 Nge5 20. Qxh5 g6 21. Qe2 Bxg5 22.
hxg5 Qd8 23. Nh3 Kg7 24. Nd1 Rb5 25. Qd2 Qe7 26. Ne3 Rfb8 27. Qe2 Rb4 28. Nd1
Nd3 29. Qe3 Nxb2 30. Ndf2 Nd3 31. Nf4 Nxf2 32. Rxf2 Rb3 33. Qe1 Qxg5 34. Rh3
Qe5 35. Qc1 Qxe4+ 36. Kh2 Ne5 37. Ne6+ Kg8 38. Rh8+ {[%emt 0:01:12]} 1-0

[Event "BL 1314 SK König Tegel - Bayern München"]
[Site "?"]
[Date "2014.02.22"]
[Round "9.8"]
[White "Fruebing, Stefan"]
[Black "Reich, Thomas"]
[Result "1-0"]
[WhiteElo "2377"]
[BlackElo "2392"]
[PlyCount "107"]
[EventDate "2014.??.??"]

1. e4 c5 2. Nf3 g6 3. d4 cxd4 4. Nxd4 Bg7 5. Nc3 Nc6 6. Nb3 Nf6 7. Be2 O-O 8.
O-O d6 9. Bg5 a6 10. f4 b5 11. Bf3 b4 12. Na4 Bd7 13. a3 a5 14. Qd2 Qc7 15. Bh4
Rfc8 16. Bf2 Rab8 17. Qe3 bxa3 18. bxa3 Nd4 19. Nxd4 Bxa4 20. e5 Ne8 21. Bd5
Qc3 22. Qe4 Nc7 23. Bc6 Bxc6 24. Nxc6 d5 25. Qa4 Bf8 26. Bd4 Qxc6 27. Qxc6 Nb5
28. Qxd5 e6 29. Qe4 Nxd4 30. Rf2 Nb5 31. Qa4 Nc3 32. Qxa5 Bc5 33. Kf1 Bb6 34.
Qa6 Bxf2 35. Kxf2 Nd5 36. c4 Nxf4 37. Rd1 Ra8 38. Qb7 Rab8 39. Qa6 Ra8 40. Qb7
Rab8 41. Qe4 Rb2+ 42. Kf1 Nxg2 43. Rc1 Rd8 44. c5 Rdd2 45. c6 Rf2+ 46. Kg1 Nf4
47. Qxf4 Rxf4 48. c7 Rg4+ 49. Kh1 Ra2 50. c8=Q+ Kg7 51. Rf1 Rgg2 52. Qb7 Rxh2+
53. Kg1 Kh6 54. Rxf7 {[%emt 0:20:52]} 1-0

[Event "BL 1314 Hamburger SK - Turm Emsdetten"]
[Site "?"]
[Date "2014.02.22"]
[Round "9.1"]
[White "Giri, Anish"]
[Black "Van Kampen, Robin"]
[Result "1/2-1/2"]
[WhiteElo "2746"]
[BlackElo "2610"]
[PlyCount "77"]
[EventDate "2014.??.??"]

1. d4 d5 2. c4 dxc4 3. Nf3 Nf6 4. Na3 c5 5. Nxc4 Nc6 6. Be3 cxd4 7. Nxd4 Nxd4
8. Bxd4 e6 9. a3 b5 10. Ne5 Bb7 11. e4 a6 12. f3 Bd6 13. Nd3 Bxh2 14. Bc3 Bg3+
15. Ke2 Rc8 16. Rh3 Bb8 17. Qe1 Rc4 18. Nf2 Ba7 19. Rd1 Qb6 20. Rd3 a5 21. Bxa5
Rc2+ 22. Kd1 Qc6 23. Rc3 Rxc3 24. Bxc3 O-O 25. Nd3 Rc8 26. Qd2 Qc4 27. Bxf6
gxf6 28. Be2 Qd4 29. Rg3+ Kh8 30. Qh6 Rg8 31. Rxg8+ Kxg8 32. Qf4 Bc6 33. Qc7
Be8 34. Kc2 Qe3 35. Bd1 Qd4 36. Be2 Qe3 37. Bd1 Qd4 38. Qe7 Bc6 39. Qc7 1/2-1/2

[Event "BL 1314 Hamburger SK - Turm Emsdetten"]
[Site "?"]
[Date "2014.02.22"]
[Round "9.3"]
[White "Mchedlishvili, Mikheil"]
[Black "Hansen, Sune Berg"]
[Result "1-0"]
[WhiteElo "2655"]
[BlackElo "2564"]
[PlyCount "97"]
[EventDate "2014.??.??"]

1. d4 d5 2. c4 c6 3. Nf3 Nf6 4. e3 Bf5 5. Nc3 e6 6. Nh4 Be4 7. f3 Bg6 8. Qb3
Qb6 9. Nxg6 hxg6 10. Bd2 Nbd7 11. Kf2 Be7 12. g3 g5 13. Be2 Rd8 14. Rad1 g6 15.
Qc2 Rc8 16. Kg2 c5 17. dxc5 Qxc5 18. cxd5 exd5 19. Qb3 Nb6 20. Na4 Qd6 21. Nxb6
axb6 22. e4 Qe6 23. h3 dxe4 24. Qxe6 fxe6 25. Rc1 Kf7 26. Bxg5 Nd5 27. Bxe7
exf3+ 28. Bxf3 Kxe7 29. h4 Rc5 30. Rhe1 Kd6 31. Be4 Rg8 32. Rcd1 Kc7 33. Rd2
Nf6 34. Bc2 Rd8 35. Rf2 Ng4 36. Rfe2 Ne3+ 37. Rxe3 Rxc2+ 38. R1e2 Rdd2 39. Rc3+
Rxc3 40. Rxd2 Rc1 41. g4 Re1 42. Kg3 Rg1+ 43. Rg2 Rh1 44. Rh2 Rg1+ 45. Kf3 Rf1+
46. Ke3 Re1+ 47. Kf2 Rb1 48. h5 gxh5 49. gxh5 1-0

[Event "BL 1314 Hamburger SK - Turm Emsdetten"]
[Site "?"]
[Date "2014.02.22"]
[Round "9.4"]
[White "Svane, Rasmus"]
[Black "Grandelius, Nils"]
[Result "1/2-1/2"]
[WhiteElo "2469"]
[BlackElo "2605"]
[PlyCount "142"]
[EventDate "2014.??.??"]

1. Nf3 Nf6 2. c4 g6 3. Nc3 d5 4. cxd5 Nxd5 5. e4 Nxc3 6. bxc3 Bg7 7. Ba3 O-O 8.
Bc4 Nc6 9. d4 Na5 10. Bd3 b6 11. O-O c5 12. Qe2 Bg4 13. dxc5 Qc7 14. h3 Bxf3
15. Qxf3 Rfd8 16. Be2 bxc5 17. Qe3 Nb7 18. Rab1 Nd6 19. Rfd1 h5 20. e5 Nf5 21.
Qxc5 Qxe5 22. Bf3 Rac8 23. Rxd8+ Rxd8 24. Qxe5 Bxe5 25. g4 hxg4 26. hxg4 Nd6
27. Bxd6 Bxd6 28. Rb7 Rc8 29. Rxa7 Rxc3 30. Kg2 Rc2 31. Be4 Rc4 32. f3 Kg7 33.
a4 Kf6 34. Ra5 Bf4 35. Kf1 Rd4 36. Ra7 Rd1+ 37. Ke2 Rd2+ 38. Kf1 Ra2 39. Bd5
Ra3 40. Be4 Be3 41. Ra5 Ra2 42. Bd5 Rf2+ 43. Ke1 e6 44. Be4 Rb2 45. Kd1 Ra2 46.
Bc2 Bf4 47. Ra7 Ra1+ 48. Ke2 Ra2 49. Kd1 Be3 50. Ra5 Ke7 51. Rb5 Bd4 52. Rb7+
Kf8 53. Rb4 Bc3 54. Rc4 Ra3 55. f4 Kg7 56. Rc7 Ba5 57. Ra7 Bb6 58. Rb7 Be3 59.
Bb3 Bxf4 60. Bxe6 Rxa4 61. Bxf7 Kf6 62. Be8 Ra6 63. Rf7+ Ke5 64. Ke2 Ke4 65.
Re7+ Be5 66. Bf7 Rb6 67. Re6 Rb2+ 68. Kd1 g5 69. Bg6+ Kf4 70. Bf5 Rg2 71. Re8
Rg3 1/2-1/2

[Event "BL 1314 Hamburger SK - Turm Emsdetten"]
[Site "?"]
[Date "2014.02.22"]
[Round "9.5"]
[White "Spoelman, Wouter"]
[Black "Ftacnik, Lubomir"]
[Result "0-1"]
[WhiteElo "2579"]
[BlackElo "2536"]
[PlyCount "118"]
[EventDate "2014.??.??"]

1. c4 Nf6 2. g3 c6 3. Bg2 d5 4. Nf3 g6 5. b3 Bg7 6. Bb2 O-O 7. d3 Nbd7 8. O-O
Re8 9. Nc3 e5 10. cxd5 Nxd5 11. Nxd5 cxd5 12. Rc1 e4 13. Nd4 Qb6 14. dxe4 dxe4
15. Qd2 Nf6 16. Rc4 Bd7 17. e3 Rac8 18. Rfc1 Rxc4 19. Rxc4 Rc8 20. Rxc8+ Bxc8
21. Ne2 Bf5 22. Be5 Ne8 23. Bxg7 Kxg7 24. Qd5 Nf6 25. Qe5 Qe6 26. Qd4 Qd7 27.
Nc3 Qxd4 28. exd4 Kf8 29. Kf1 Ke7 30. Ke2 b6 31. h3 h5 32. Ke3 Ke6 33. Bf1 g5
34. Bc4+ Ke7 35. h4 Ng4+ 36. Ke2 gxh4 37. gxh4 Nh6 38. Ke3 Bg6 39. Kf4 Nf5 40.
Nxe4 Nxh4 41. d5 Nf5 42. Ke5 Nd6 43. Nf6 Nxc4+ 44. bxc4 h4 45. d6+ Kd8 46. Kf4
Bd3 47. Kg4 Bxc4 48. a3 b5 49. Kxh4 a5 50. Ne4 b4 51. axb4 a4 52. b5 Bxb5 53.
Nc5 a3 54. Nb3 Kd7 55. Kg5 Kxd6 56. Kf6 a2 57. Na1 Kd5 58. Kxf7 Kc4 59. f4 Kc3
0-1

[Event "BL 1314 Hamburger SK - Turm Emsdetten"]
[Site "?"]
[Date "2014.02.22"]
[Round "9.6"]
[White "Rogozenco, Dorian"]
[Black "Pruijssers, Roeland"]
[Result "0-1"]
[WhiteElo "2524"]
[BlackElo "2524"]
[PlyCount "90"]
[EventDate "2014.??.??"]

1. d4 f5 2. g3 Nf6 3. Bg2 g6 4. c4 Bg7 5. Nc3 O-O 6. Nf3 d6 7. O-O Qe8 8. d5 a5
9. Ne1 Na6 10. Nd3 Bd7 11. Bd2 Rb8 12. Rc1 c6 13. b3 Nc7 14. e4 fxe4 15. Nxe4
Nxe4 16. Bxe4 Bf5 17. Bxf5 Rxf5 18. Bxa5 b6 19. Bc3 Bxc3 20. Rxc3 cxd5 21. Nf4
Qf7 22. cxd5 Nxd5 23. Nxd5 Rxd5 24. Qe2 Rf5 25. Rc7 Re5 26. Qd2 Qe6 27. Rc2 Rf8
28. Qd4 b5 29. Qd3 Rff5 30. Qd4 Rd5 31. Qa7 Rfe5 32. Qb8+ Kg7 33. Qe8 Rf5 34.
Rc7 Rde5 35. Rc8 Kh6 36. a4 Re1 37. Rc1 Re2 38. axb5 Qf6 39. Qc6 Rfxf2 40. Rce1
Qd4 41. Rxe2 Rxe2+ 42. Kh1 d5 43. Qc1+ g5 44. Rf3 Qe4 45. Qc6+ e6 0-1

[Event "BL 1314 Hamburger SK - Turm Emsdetten"]
[Site "?"]
[Date "2014.02.22"]
[Round "9.7"]
[White "Hector, Jonny"]
[Black "Heinemann, Thies"]
[Result "0-1"]
[WhiteElo "2508"]
[BlackElo "2459"]
[PlyCount "128"]
[EventDate "2014.??.??"]

1. e4 c5 2. Nf3 d6 3. d4 cxd4 4. Nxd4 Nf6 5. Nc3 a6 6. Bg5 Nbd7 7. f4 Qc7 8.
Qf3 h6 9. Bxf6 Nxf6 10. f5 Qc5 11. Nb3 Qe5 12. Nd2 g5 13. Nc4 Qc5 14. O-O-O Bg7
15. Nd5 Nxd5 16. Rxd5 Qc7 17. h4 Bf6 18. hxg5 Bxg5+ 19. Kb1 b5 20. Ne3 Bb7 21.
Rd3 Rc8 22. Rc3 Qa5 23. Rxc8+ Bxc8 24. Bd3 Bb7 25. Qe2 Qb4 26. c3 Qc5 27. Ng4
Kf8 28. Re1 b4 29. c4 h5 30. Nh2 a5 31. Nf3 Bf6 32. Rh1 h4 33. Kc2 a4 34. Kd1
b3 35. a3 Ba6 36. Kc1 Bb7 37. Kb1 Bc6 38. Qe1 Rg8 39. Qe2 Rg3 40. Qd2 Ke8 41.
Qe2 Kd8 42. Qd2 Kc7 43. Qe2 Rg4 44. Nh2 Rxe4 45. Bxe4 Bxe4+ 46. Qxe4 Qf2 47.
Kc1 Qxb2+ 48. Kd1 Qa1+ 49. Ke2 Qxh1 50. Ng4 Qa1 51. Ne3 Qd4 52. Qa8 e6 53. Qg8
b2 54. Qxf7+ Kb6 55. Qe8 Qe4 56. Qb8+ Qb7 57. c5+ Ka6 58. Qxd6+ Ka7 59. c6 Qa6+
60. Kf2 b1=Q 61. Qd7+ Ka8 62. c7 Qbb7 63. fxe6 Be5 64. Qd8+ Ka7 0-1